[Event "Let's Play Chess!"]
[Site "http://www.queenalice.com/game.php?id=1351548"]
[Date "2015.4.4"]
[Round "-"]
[White "Jard1987"]
[Black "anietoro"]
[Result "0-1"]
[WhiteElo "1100"]
[BlackElo "2035"]

1. e4 e5 2. Nf3 Nc6 3. d4 exd4 4. Nxd4 Nf6 5. f3 Bc5 6. c3 O-O 7. Bg5 h6 8. Bxf6
Qxf6 9. Nxc6 bxc6 10. Qd2 d5 11. Na3 dxe4 12. fxe4 Qh4+ 13. Kd1 Rd8 14. g3 Rxd2+
15. Kxd2 Qxe4 16. Bd3 Qg2+ 17. Be2 Bg4 18. Rae1 Bxe2 19. Kc1 Qe4 20. Nc2 Bf2 21.
Rxe2 Qxh1+ 22. Kd2 Rd8+ 23. Nd4 Bxd4 24. cxd4 Rxd4+ 25. Kc3 c5 26. Rc2 Qf3# 0-1

[Event "Challenge"]
[Site "http://www.queenalice.com/game.php?id=1351640"]
[Date "2015.4.4"]
[Round "-"]
[White "Jard1987"]
[Black "ANGELOAZZURRO"]
[Result "1-0"]
[WhiteElo "1100"]
[BlackElo "1549"]

1. e4 e5 2. Nf3 f6 3. d4 d6 4. d5 Bg4 5. Be2 Bxf3 6. Bxf3 c6 7. Nc3 cxd5 8. Nxd5
Nc6 9. O-O Nge7 10. Be3 Nxd5 11. exd5 Nb4 12. a3 Na6 13. Re1 f5 14. Be2 f4 15.
Bd2 Nc5 16. g3 fxg3 17. fxg3 a5 18. c4 g6 19. a4 Bg7 20. Rb1 Ne4 21. Bf3 Nxd2
22. Qxd2 Qb6+ 23. Kg2 Rf8 24. b3 Rc8 25. h4 h6 26. Bg4 Ra8 27. Be6 Ra6 28. Re4
g5 29. Rg4 Qc5 30. hxg5 h5 31. Rh4 Rh8 32. Rf1 Rb6 33. Qc2 Ke7 34. Rf7+ Ke8 35.
Rxg7 Kf8 36. Qg6 Qc7 37. Rxc7 Rxb3 38. Qf7# 1-0

[Event "Let's Play Chess!"]
[Site "http://www.queenalice.com/game.php?id=1351642"]
[Date "2015.4.4"]
[Round "-"]
[White "Jard1987"]
[Black "ledeon"]
[Result "0-1"]
[WhiteElo "1173"]
[BlackElo "1746"]

1. e4 e6 2. d4 d5 3. e5 c5 4. c3 Nc6 5. Nf3 Bd7 6. g3 cxd4 7. cxd4 Bb4+ 8. Bd2
Qa5 9. a3 Bxd2+ 10. Nbxd2 Nge7 11. Bg2 O-O 12. O-O Rfc8 13. Nb3 Qd8 14. Rc1 a5
15. Qd3 Nb8 16. Nc5 Bc6 17. Rfe1 b6 18. Nb3 Qe8 19. h4 Nd7 20. h5 b5 21. Qd2 Nb6
22. h6 Qf8 23. hxg7 Qxg7 24. Nxa5 Nc4 25. Nxc4 dxc4 26. Nh4 Bxg2 27. Kxg2 h5 28.
Rb1 Ra4 29. Re4 f5 30. Re2 Nd5 31. Nf3 f4 32. Nh4 fxg3 33. fxg3 Raa8 34. Rh1 b4
35. axb4 Ra2 36. Nf3 c3 37. Qc1 Nxb4 38. Ne1 Qb7+ 39. Nf3 cxb2 40. Qg5+ Qg7 41.
Qxg7+ Kxg7 42. Rb1 Nd3 43. Ne1 Rc1 44. Nxd3 Rxb1 45. Nxb2 Rbxb2 46. Rxb2 Rxb2+
47. Kf3 Kg6 48. Kf4 Rd2 49. Ke4 Kg5 50. Ke3 Rh2 51. Ke4 Kg4 0-1

[Event "Let's Play Chess!"]
[Site "http://www.queenalice.com/game.php?id=1351643"]
[Date "2015.4.4"]
[Round "-"]
[White "anietoro"]
[Black "Jard1987"]
[Result "1-0"]
[WhiteElo "2127"]
[BlackElo "1100"]

1. c4 e5 2. Nc3 Nf6 3. g3 c6 4. d4 exd4 5. Qxd4 Qb6 6. Qxb6 axb6 7. Be3 Bc5 8.
Bxc5 bxc5 9. Bh3 O-O 10. O-O-O Re8 11. Nf3 Ne4 12. Nxe4 Rxe4 13. Kb1 Rxc4 14. b3
Re4 15. e3 f6 16. Nd2 Re8 17. Nc4 Re7 18. Nb6 Ra5 19. Nxc8 Rf7 20. Nd6 Rf8 21.
Nxb7 Rb5 22. Nd6 Rb6 23. Nc4 Rb7 24. Rd6 f5 25. Rhd1 g6 26. Bg2 Kg7 27. f4 Rf6
28. Rxf6 Kxf6 29. Nd6 Rb6 30. e4 fxe4 31. Nxe4+ Kg7 32. Nxc5 d5 33. a3 Na6 34.
Nxa6 Rxa6 35. Kb2 Kf6 36. g4 g5 37. f5 Ke5 38. Rf1 Ra8 39. f6 Rf8 40. f7 Ke6 41.
a4 Kd7 42. a5 Kc7 43. Kc3 Kb7 44. Kd4 Ka6 45. Kc5 Kxa5 46. Ra1# 1-0

[Event "Let's Play Chess!"]
[Site "http://www.queenalice.com/game.php?id=1352237"]
[Date "2015.4.8"]
[Round "-"]
[White "Bategoll"]
[Black "Jard1987"]
[Result "1-0"]
[WhiteElo "1817"]
[BlackElo "1100"]

1. d4 d5 2. Nf3 Nc6 3. Nc3 e6 4. Bf4 Bd6 5. e3 a6 6. Ne5 f6 7. Qh5+ g6 8. Nxg6
hxg6 9. Qxh8 Ke7 10. Bxd6+ cxd6 11. Qh4 Nb4 12. O-O-O Qf8 13. Bd3 Nxd3+ 14. Rxd3
b5 15. f4 Qh6 16. Qxh6 Nxh6 17. h3 Nf5 18. g4 Nh4 19. Rdd1 Ng2 20. Kd2 f5 21. g5
Nh4 22. Rdf1 Rb8 23. Rf2 a5 24. a3 b4 25. axb4 axb4 26. Ne2 Ra8 27. b3 Kd7 28.
Rb1 Bb7 29. Nc1 Bc6 30. Nd3 Rb8 31. Ra1 Kc7 32. Ra7+ Rb7 33. Rxb7+ Bxb7 34. Nxb4
Kd7 35. Nd3 Ba6 36. Nc1 Bb5 37. b4 e5 38. Nb3 e4 39. Nc1 Kc6 40. c3 Ba6 41. Nb3
Kb5 42. Na5 Kb6 43. Ke1 Bb5 44. Ra2 Nf3+ 45. Kf2 Nh4 46. Kg3 Nf3 47. h4 Be8 48.
Nb3 Kb7 49. Nd2 Ng1 50. c4 dxc4 51. Nxc4 Bb5 52. Nxd6+ Kb6 53. Nxb5 Kxb5 54. Ra7
Kxb4 55. Rg7 Kc3 56. Rxg6 Kd3 57. d5 Kxe3 58. d6 Kd4 59. d7 e3 60. d8=Q+ Kc3 61.
Rc6+ 1-0

[Event "OS INCLIVEIS"]
[Site "http://www.queenalice.com/game.php?id=1352788"]
[Date "2015.4.10"]
[Round "-"]
[White "adelio"]
[Black "Jard1987"]
[Result "1-0"]
[WhiteElo "1740"]
[BlackElo "1100"]

1. d4 d5 2. e4 dxe4 3. Nc3 Bf5 4. f3 Nf6 5. g4 Bg6 6. Be2 h6 7. h4 exf3 8. Bxf3
c6 9. g5 Nd5 10. Nxd5 cxd5 11. Bf4 e6 12. Ne2 Nc6 13. Qd2 Nb4 14. Kf2 Nxc2 15.
Rac1 Nb4 16. Be5 Nd3+ 17. Kg2 Nxc1 18. Nxc1 Bd6 19. Bxg7 Rh7 20. gxh6 Bf8 21. h5
Bxg7 22. hxg6 Rxh6 23. Rxh6 Bxh6 24. Qxh6 fxg6 25. Qg7 b5 26. Qxg6+ Kd7 27. Bg4
Qe8 28. Qg7+ Kc6 29. Nd3 a5 30. Ne5+ Kd6 31. Qf6 Rc8 32. Nf7+ Kd7 33. Ng5 Rc6
34. a3 b4 35. a4 Qe7 36. Qe5 Qe8 37. Bxe6+ Rxe6 38. Qxd5+ Rd6 39. Qb7+ Kd8 40.
Nf7+ Qxf7 41. Qxf7 b3 42. Qxb3 Ke8 43. Qg8+ Ke7 44. d5 Kf6 45. Kf3 Ke7 46. Ke4
Kd7 47. Ke5 Kc7 48. Qf8 Rd8 49. Qc5+ Kd7 50. Qc6+ Ke7 51. d6+ Kf8 52. d7 1-0

[Event "OS INCLIVEIS"]
[Site "http://www.queenalice.com/game.php?id=1352789"]
[Date "2015.4.10"]
[Round "-"]
[White "Jard1987"]
[Black "adelio"]
[Result "0-1"]
[WhiteElo "1100"]
[BlackElo "1713"]

1. e4 a6 2. d4 c5 3. d5 e5 4. Nf3 d6 5. Bg5 f6 6. Be3 Ra7 7. h3 b6 8. Be2 g5 9.
Nc3 h5 10. Qd2 h4 11. O-O-O b5 12. b4 a5 13. bxc5 dxc5 14. d6 Rhh7 15. Bxb5+
Rhd7 16. Bxd7+ Rxd7 17. Bxc5 Na6 18. Ba3 Nh6 19. g3 Nb4 20. Bxb4 axb4 21. Nb5
Nf7 22. Qxb4 Nxd6 23. Nxd6+ Bxd6 24. Qb5 Ke7 25. Rd2 Ba3+ 26. Kd1 g4 27. hxg4
Rxd2+ 28. Nxd2 Bxg4+ 29. Ke1 Bc1 30. Qb4+ Kf7 31. gxh4 Kg6 32. a4 Qc8 33. Qb1
Bxd2+ 34. Kxd2 Qd7+ 35. Ke3 Qd4# 0-1

[Event "OS INCLIVEIS"]
[Site "http://www.queenalice.com/game.php?id=1353736"]
[Date "2015.4.15"]
[Round "-"]
[White "adelio"]
[Black "Jard1987"]
[Result "0-1"]
[WhiteElo "1740"]
[BlackElo "1100"]

1. Nf3 g6 2. c4 Nc6 3. e4 e5 4. d3 Nf6 5. Ng5 h6 6. Nxf7 Kxf7 7. Be2 Nd4 8. Nc3
d6 9. h4 c6 10. g4 h5 11. gxh5 gxh5 12. Bg5 Bh6 13. Bxf6 Qxf6 14. Bxh5+ Ke7 15.
Ne2 c5 16. Nc3 Be6 17. Nd5+ Bxd5 18. cxd5 Rag8 19. f3 Bd2+ 20. Qxd2 Rxh5 21.
O-O-O Rxh4 22. Qa5 Rxh1 23. Qc7+ Kf8 24. Rxh1 Qf7 25. Qxd6+ Qe7 26. Qh6+ Qg7 27.
Qd6+ Qe7 28. Qh6+ Ke8 29. Qh5+ Kd7 30. Qf5+ Nxf5 31. exf5 Qg5+ 32. Kb1 Qxf5 33.
Rh7+ Qxh7 34. Kc2 Kd6 35. a4 Kxd5 36. a5 Kd4 37. b3 Qh2+ 38. Kb1 Rg1# 0-1

[Event "Challenge"]
[Site "http://www.queenalice.com/game.php?id=1354091"]
[Date "2015.4.17"]
[Round "-"]
[White "Jard1987"]
[Black "crisvolei"]
[Result "1-0"]
[WhiteElo "1100"]
[BlackElo "1594"]

1. e4 e5 2. Nf3 h5 3. d4 Qe7 4. dxe5 Qb4+ 5. Nc3 Nc6 6. a3 Qc5 7. Be3 Qa5 8. b4
Nxb4 9. axb4 Qxb4 10. Bd2 Bc5 11. Nd5 Qxe4+ 12. Ne3 d5 13. Bd3 Qf4 14. Nxd5 Qg4
15. Nxc7+ Ke7 16. Nxa8 Qxg2 17. Rf1 Bg4 18. Be2 Nh6 19. Nc7 Nf5 20. Nd5+ Kd7 21.
Nf4 Bxf3 22. Nxg2 Bxg2 23. Rg1 Nh4 24. Bg5+ Kc6 25. Bxh4 Be4 26. Bf3 Bxf3 27.
Qxf3+ Kc7 28. Qxf7+ Kb8 29. Rxg7 a6 30. Qxb7# 1-0

[Event "Challenge"]
[Site "http://www.queenalice.com/game.php?id=1355366"]
[Date "2015.4.23"]
[Round "-"]
[White "Jard1987"]
[Black "Alcar"]
[Result "0-1"]
[WhiteElo "1173"]
[BlackElo "1706"]

1. e4 c5 2. Nf3 Nc6 3. Nc3 e6 4. a3 d5 5. Bb5 a6 6. Bxc6+ bxc6 7. d3 d4 8. Na4
Nf6 9. h3 Be7 10. Ne5 Bb7 11. Bg5 h6 12. Bxf6 Bxf6 13. f4 Bxe5 14. fxe5 Qh4+ 15.
Kf1 Qf4+ 16. Kg1 Qxe5 17. Qf3 O-O 18. Nb6 Rad8 19. g3 f5 20. Qf4 Qxf4 21. gxf4
fxe4 22. Na4 exd3 23. Nxc5 Bc8 24. Nxd3 Bb7 25. Rh2 Rf6 26. Re2 Rd5 27. Rae1 Kf7
28. Kh2 c5 29. c4 Rh5 30. b4 Bf3 31. Rf2 Bc6 32. Nxc5 a5 0-1

[Event "Challenge"]
[Site "http://www.queenalice.com/game.php?id=1358456"]
[Date "2015.5.9"]
[Round "-"]
[White "Petrucio"]
[Black "Jard1987"]
[Result "0-1"]
[WhiteElo "1299"]
[BlackElo "1221"]

1. Nc3 e5 2. Nf3 Nc6 3. e4 Nf6 4. Ng5 h6 5. Bc4 hxg5 6. Nb5 Nxe4 7. Bd3 Nc5 8.
Bf5 g6 9. Bg4 a6 10. Nc3 Bg7 11. Nd5 d6 12. h4 f5 13. Qf3 fxg4 14. Qg3 Be6 15.
Ne3 Qd7 16. a4 Bf6 17. h5 gxh5 18. f4 gxf4 19. Qf2 Qg7 20. Nf1 Nb4 21. c3 Nd5
22. Qe2 h4 23. Qf2 Nd3+ 24. Ke2 Nxf2 25. Kxf2 g3+ 26. Kf3 e4+ 27. Ke2 Qg4+ 28.
Ke1 h3 29. gxh3 Qf3 30. Rg1 Qf2+ 31. Kd1 Qxg1 32. Ke1 Qf2+ 33. Kd1 Qxf1+ 34. Kc2
g2 35. d4 g1=Q 36. Rb1 Qd3+ 37. Kb3 Qxb1 38. Bd2 Rxh3 39. Kc4 Qxb2 40. Bxf4
Qxc3# 0-1

[Event "Let's Play Chess!"]
[Site "http://www.queenalice.com/game.php?id=1359276"]
[Date "2015.5.13"]
[Round "-"]
[White "Bategoll"]
[Black "Jard1987"]
[Result "1-0"]
[WhiteElo "1859"]
[BlackElo "1173"]

1. d4 d5 2. Nf3 Nc6 3. Nc3 Nf6 4. e3 Bg4 5. h3 Bxf3 6. Qxf3 a6 7. Bd2 e5 8. dxe5
Nxe5 9. Qg3 Qd6 10. O-O-O g6 11. f4 Nc4 12. Bxc4 dxc4 13. Kb1 O-O-O 14. Bc1 Qc6
15. Rxd8+ Kxd8 16. Re1 Kc8 17. e4 Bb4 18. e5 Bxc3 19. Qxc3 Nd5 20. Qg3 b5 21.
Qf2 Re8 22. g4 c3 23. b3 a5 24. Qa7 Qb6 25. Qa8+ Qb8 26. Qxd5 Re7 27. f5 Qb7 28.
Qxb7+ 1-0

[Event "Challenge"]
[Site "http://www.queenalice.com/game.php?id=1359285"]
[Date "2015.5.13"]
[Round "-"]
[White "wolf83"]
[Black "Jard1987"]
[Result "0-1"]
[WhiteElo "1100"]
[BlackElo "1100"]

1. e4 e5 2. Nf3 Nc6 3. Bb5 f6 4. Bxc6 dxc6 5. d3 Ne7 6. c4 Ng6 7. Nc3 Bc5 8. g3
Bd7 9. a3 a6 10. b4 Bd4 11. Nxd4 exd4 12. Na4 b6 13. Nb2 Ne5 14. Bf4 Bg4 15. Qc2
O-O 16. Bxe5 fxe5 17. h3 Be6 18. O-O-O b5 19. c5 a5 20. f4 a4 21. f5 Bb3 22. Qd2
Bxd1 23. Qxd1 Qg5+ 24. Kc2 Qxg3 25. Rg1 Qxh3 26. Rh1 Qg2+ 27. Kb1 Rf6 28. Qh5
Rh6 0-1

[Event "Challenge"]
[Site "http://www.queenalice.com/game.php?id=1359369"]
[Date "2015.5.13"]
[Round "-"]
[White "SAROS"]
[Black "Jard1987"]
[Result "1-0"]
[WhiteElo "1834"]
[BlackElo "1173"]

1. d4 d5 2. c4 Nf6 3. Nc3 Nc6 4. cxd5 Nxd5 5. e4 Nxc3 6. bxc3 g6 7. Bc4 Bg7 8.
Ne2 O-O 9. O-O a6 10. Be3 b5 11. Bd3 Rb8 12. Qc1 e6 13. Bh6 e5 14. Bxg7 Kxg7 15.
Qb2 Bb7 16. d5 Na5 17. c4 Nxc4 18. Bxc4 bxc4 19. Qxe5+ f6 20. Qd4 Qd7 21. Qxc4
Rbe8 22. f3 Rc8 23. Nf4 f5 24. Ne6+ Kg8 25. Nxf8 1-0

[Event "Challenge"]
[Site "http://www.queenalice.com/game.php?id=1375623"]
[Date "2015.8.5"]
[Round "-"]
[White "Jard1987"]
[Black "Givanildo"]
[Result "0-1"]
[WhiteElo "1179"]
[BlackElo "1680"]

1. e4 e6 2. d4 d5 3. e5 h6 4. Nh3 a5 5. c4 c6 6. a3 Ne7 7. Nd2 Nf5 8. Nb3 dxc4
9. Bxc4 b5 10. Bd3 a4 11. Nc5 Nxd4 12. Be3 Nf5 13. Bxf5 exf5 14. f4 Qxd1+ 15.
Rxd1 Be7 16. O-O Na6 17. Nxa6 Bxa6 18. Rd2 O-O 19. Rc1 f6 20. Rxc6 b4 21. Bc5
Bxc5+ 22. Rxc5 bxa3 23. bxa3 Rab8 24. Rc1 fxe5 25. fxe5 Rb3 26. Rd6 Bb7 27. Ra1
Rb2 28. Nf4 Be4 29. Ra6 Bc2 30. Ra7 Bb3 31. h4 Re8 32. Ra5 g5 33. hxg5 hxg5 34.
Nd3 Rd2 35. Nb4 g4 36. Rf1 Be6 37. Rxa4 g3 38. Ra7 Bc4 39. Re1 Rxe5 40. Rc1 Re4
41. Nd5 Rxd5 42. a4 f4 43. Rb1 Rd8 44. Rc7 Bd3 45. Rd1 Rb8 46. a5 Rb1 47. Rcc1
Rxc1 48. Rxc1 Bc2 49. a6 Re2 50. a7 Be4 51. Ra1 Rxg2+ 52. Kf1 Rf2+ 53. Kg1 Ba8
0-1